000 00693nam a22002177a 4500
003 OSt
005 20260309074051.0
008 260309b |||||||| |||| 00| 0 eng d
020 _a0-321-05555-1.
040 _aDWCL Main lib
_cOC
082 _26th ed.
_aCirc. 659.2 P977 2000
100 _aWilcox, Dennis L.
245 _aPublic relations :
_bstrategies and tactics
_cDennis L. Wilcox
250 _a6th ed.
260 _aNew York :
_bLongman,
_cc2000.
300 _axxiv, 584 p. :
_bcol. ill. ;
_c24 cm.
504 _aIncludes bibliographical references and index.
650 _aPublic relations-United States.
650 _aPublic relations.
942 _2ddc
_cBK-CIRC
_e6th ed.
_kCirc.
_n0
999 _c8752
_d8752